000 00480nam a22001817a 4500
003 OSt
005 20140310182404.0
008 131003t xxu||||| |||| 00| 0 eng d
020 _a9787107209321
050 _aPL 1129
_b.K83Kh3 2010
082 _aTR 495.1
_bK95 2010
245 _aKuaile hanyu 3./
260 _aChina :
_bPeople's Education Press.
_cc2010.
300 _a153 p. :
_bill. col. ;
_c29 cm.
651 _aLanguage
_923110
942 _2lcc
_cBK-TR
999 _c12657
_d12657